Länderflaggen als Kreisdiagramm #4 - Statistiken

Allgemein
  • Dieses Quiz wurde 20 mal gespielt
  • Das Durchschnittsergebnis liegt bei 7 aus 20
Antwortstatistiken
Bildquiz Antwort % Korrekt
Andorra
73%
Burkina Faso
60%
Finnland
53%
Haiti
53%
Peru
53%
Sri Lanka
53%
Brunei
47%
Ruanda
47%
Türkei
47%
Vereinigte Arabische Emirate
47%
Kirgisistan
40%
Schweden
40%
Slowenien
33%
Malawi
27%
St. Vincent und die Grenadinen
20%
Vanuatu
20%
Uruguay
13%
Kenia
7%
Kap Verde
0%
Namibia
0%
Keine übereinstimmenden Quizze gefunden
Verteilung der Resultate
Anzahl Personen mit jedem Resultat
Perzentil nach korrekt beantworteten Fragen
Ihre Resultats-Entwicklung
Sie haben dieses Quiz noch nicht gespielt